000
00284nam a2200109 4500
008
160624b xxu||||| |||| 00| 0 eng d
100
_9
910
_a
Wilkerson, D., et al
245
_a
Parents on Trial
260
_a
N.J
_b
Fleming H.Revell
_c
1967
300
_a
Parents on Trial
942
_2
ddc
_c
BK
999
_c
721
_d
721